Normal view
MARC view
- السيرة النبوية- النظام السياسي في الاسلام
Entry Topical Term
001 - CONTROL NUMBER
- control field: 20413
003 - CONTROL NUMBER IDENTIFIER
- control field: JO-AjAnu
005 - DATE AND TIME OF LATEST TRANSACTION
- control field: 20230606073542.0
008 - FIXED-LENGTH DATA ELEMENTS
- fixed length control field: 230606|| aca||aabn | a|a d
040 ## - CATALOGING SOURCE
- Original cataloging agency: JO-AjAnu
- Transcribing agency: JO-AjAnu
150 ## - HEADING--TOPICAL TERM
- Topical term or geographic name entry element: السيرة النبوية- النظام السياسي في الاسلام
670 ## - SOURCE DATA FOUND
- Source citation: Work cat.: (JO-AjAnu)10482: العزاوي، مصطفى ناصر أحمد, author 20412, الأعمال السياسية السلمية للنبي صلى الله عليه وسلم والأحكام المستنبطة منها